000 00520nam a22001937a 4500
003 OSt
005 20170518095721.0
008 151110b xxu||||| |||| 00| 0 eng d
020 _a996608200
040 _cDLC
050 _aB74.B87 2007
245 _a_ A History of Philosophy for ( Almost ) Everyone
260 _aNairobi Paulines Publication 1991
300 _a284p. 20cm
500 _aincludes bibiliography
650 _a_philosophy
942 _2lcc
_cLOAN LOAN
980 _a^d20110111 03:30:32^okilerai
999 _c15744
_d15744